| 000 | 00598cam a22001815a 4500 | ||
|---|---|---|---|
| 001 | ##L134128 | ||
| 008 | 060712s1954 xxk 000 0 eng u | ||
| 035 | _a(Sirsi) u134128 | ||
| 041 | 0 | _aeng | |
| 110 | 2 |
_aRoyal Institution of Chartered Surveyors _94900 |
|
| 245 | 0 | 0 | _aAbout chartered surveyors |
| 260 |
_aLondon _bRICS _c1954 |
||
| 300 |
_a32p. _c22cm. |
||
| 505 | 2 | _aWhat a surveyor is -- The Royal Institution of Chartered Surveyors -- The training and election of chartered surveyors | |
| 651 | 4 |
_aUnited Kingdom _y |
|
| 690 | _aABOUT RICS-RICS MEMBERS-CHARTERED SURVEYORS | ||
| 942 | _n0 | ||
| 999 |
_c105552 _d105552 |
||